000 00336nam a2200133Ia 4500
008 240624s9999 xx 000 0 und d
041 _aeng
082 _a658.85 SUG
100 _aSUGARS BRADLEY J
245 _aINSTANT SALES
260 _c2007
_aNew Delhi
_bTata McGraw- Hill
300 _axvii, : 157 : p. : cm. ; 22
365 _cRS
_b20
999 _c16104
_d16104